00349nam a2200145Ia 4500008004100000041000800041082001500049100001800064245003000082250001200112260003700124300000800161365001600169700001800185230718s9999 xx 000 0 und d aeng a523.1bNAR aNarlikar J.V. aIntroduction To Cosmology a3rd Ed. c2010bCambridge University Press a541 cRs.b495.00 aNarlikar J.V.